| 000 | 01123cam a22002533a 4500 | ||
|---|---|---|---|
| 001 | 12798 | ||
| 003 | PGUSA | ||
| 005 | 20140828083257.0 | ||
| 008 | 040701s2004||||xxu|||||s|||||000 1 eng d | ||
| 040 |
_aPGUSA _beng |
||
| 042 | _adc | ||
| 050 | 4 | _aPR | |
| 100 | 1 |
_aBecke, Louis, _d1855-1913 |
|
| 245 | 1 | 0 |
_aBy Rock and Pool on an Austral Shore, and other stories _h[electronic resource] / _cLouis Becke |
| 260 |
_bProject Gutenberg, _c2004 |
||
| 505 | 0 | _aBy rock and pool -- Solepa -- The fisher folk of Nukufetau -- Mrs. MacLaggan's Billy -- An island memory -- A hundred fathoms deep -- On a tidal river -- Denison gets another ship -- Jack Shark's pilot -- The "palu" of the equatorial Pacific -- The wily " goanner" -- The tanifa of Samoa -- On board The Tucopia -- The man in the buffalo hide -- A cruise in the South Seas: hints to intending travellers. | |
| 506 | _aPublic domain in the USA. | ||
| 516 | _aElectronic text | ||
| 653 | _aManners and customs -- Fiction | ||
| 653 | _aOceania -- Fiction | ||
| 830 | 0 |
_aProject Gutenberg _v12798 |
|
| 856 | 4 | 0 | _uhttp://www.gutenberg.org/ebooks/12798 |
| 942 | _cEB | ||
| 999 |
_c242053 _d242053 |
||